| 000 | 00603nam a2200205Ia 4500 | ||
|---|---|---|---|
| 003 | GCL | ||
| 008 | 140319s9999 xx 000 0 aFre d | ||
| 040 |
_aGCL / _cGCL |
||
| 082 | 0 | 4 |
_aCC _b962.03 _bB A |
| 100 | 1 | _aABOUSEIF, DORIS B | |
| 245 | 1 | 0 |
_aAZBAKIYYA AND ITS ENVIRONS: FROM AZBAK TO ISMALI ( 1476 - 1879 ) / _cABOUSEIF, DORIS B |
| 260 |
_aالقاهرة : _bINSTITUT FRANCAIS D'ARCHEOLOGIE ORIENTAL ، _c1985 |
||
| 300 |
_a24 CM ؛ _c122 P |
||
| 650 | 0 | 4 | _aISMAILITES |
| 650 | 0 | 4 | _aEGYPT |
| 650 | 0 | 4 | _aOTTOMAN EMPIRE |
| 650 | 0 | 4 | _aEGYPT - HISTORY |
| 650 | 0 | 4 | _aAZBAKIYYA |
| 942 |
_2ddc _cBK |
||
| 999 |
_c15507 _d15507 |
||